[Event "XXV Weekend A"]
[Site "Robecchetto con Induno ITA"]
[Date "2014.12.27"]
[Round "2"]
[White "Prete, Alessandro"]
[Black "Primerano, Carlo"]
[WhiteElo "1752"]
[BlackElo "1719"]
[Result "1-0"]
[PlyCount "79"]
[EventDate "2014.12.26"]

1. d4 Nf6 2. Nf3 e6 3. e3 d5 4. Bd3 c5 5. b3 Nbd7 6. Bb2 Be7 7. Nbd2 Rb8 8. Qe2
a6 9. a4 Qb6 10. a5 Qc7 11. Ra4 b5 12. axb6 Nxb6 13. Ra2 c4 14. bxc4 Nxc4 15.
Bxc4 dxc4 16. Qxc4 Qxc4 17. Nxc4 O-O 18. O-O Bd7 19. Nce5 Bb5 20. c4 Be8 21.
Ba3 Bxa3 22. Rxa3 Ne4 23. Rfa1 f6 24. Nd3 Rc8 25. Rc1 Bh5 26. Nf4 Bf7 27. Rxa6
Rfe8 28. Ne2 Rb8 29. Ng3 Nxg3 30. hxg3 e5 31. d5 Rec8 32. e4 Rb4 33. Nh4 Kf8
34. Nf5 g6 35. Nd6 Rc7 36. Nxf7 Kxf7 37. c5 Rxe4 38. d6 Rd7 39. c6 Rxd6 40.
Ra7+ 1-0

[Event "XXV Weekend A"]
[Site "Robecchetto con Induno ITA"]
[Date "2014.12.27"]
[Round "2"]
[White "Puricelli, Giancarlo"]
[Black "Pedoni, Lorenzo"]
[WhiteElo "1698"]
[BlackElo "1827"]
[Result "0-1"]
[PlyCount "70"]
[EventDate "2014.12.26"]

1. d4 Nf6 2. Nf3 e6 3. Nbd2 c5 4. e3 Nc6 5. Bd3 cxd4 6. Nxd4 e5 7. Nxc6 bxc6 8.
Ne4 Nxe4 9. Bxe4 d5 10. Bd3 e4 11. Be2 Be6 12. O-O Bd6 13. Bd2 Qb8 14. Bc3
Bxh2+ 15. Kh1 Be5 16. Bg4 f5 17. Bxf5 Bxf5 18. Qh5+ g6 19. Qh6 Qc7 20. Qg5 Bxc3
21. bxc3 Qe7 22. Qh6 Qf8 23. Qf4 Qg7 24. Qd6 Qh6+ 25. Kg1 Rc8 26. Qe5+ Kf7 27.
Rab1 Rhe8 28. Rb7+ Kg8 29. Qd4 Rf8 30. Qxa7 Bg4 31. Qd4 Rf5 32. f3 Rh5 33. fxg4
Rh1+ 34. Kf2 Rf8+ 35. Ke2 Rhxf1 0-1

[Event "XXV Weekend A"]
[Site "Robecchetto con Induno ITA"]
[Date "2014.12.27"]
[Round "2"]
[White "Recanatini, Italo"]
[Black "Zito, Riccardo"]
[WhiteElo "1808"]
[BlackElo "1743"]
[Result "0-1"]
[PlyCount "100"]
[EventDate "2014.12.26"]

1. e4 e6 2. d4 d5 3. exd5 exd5 4. Nf3 Nf6 5. Bd3 Be7 6. h3 O-O 7. Bg5 c5 8.
dxc5 Bxc5 9. O-O h6 10. Bh4 b6 11. c3 Bb7 12. Nbd2 Nc6 13. Nb3 Re8 14. Re1 Qd6
15. Bg3 Qd7 16. Qd2 Rad8 17. Rxe8+ Rxe8 18. Re1 Rxe1+ 19. Qxe1 d4 20. cxd4 Nxd4
21. Nfxd4 Bxd4 22. Qd2 Qd5 23. Bf1 Bc5 24. Qxd5 Bxd5 25. Nxc5 bxc5 26. b3 Ne4
27. Bb8 a5 28. Bb5 Nc3 29. Bc4 Bxc4 30. bxc4 Nxa2 31. Bd6 Nb4 32. Bxc5 Nc2 33.
Bd6 f6 34. c5 Nd4 35. Bc7 a4 36. Ba5 Nc6 37. Bc3 Kf7 38. Kf1 Ke6 39. h4 Kd5 40.
g4 Kxc5 41. f4 Kc4 42. Ba1 Nd4 43. g5 hxg5 44. fxg5 fxg5 45. h5 Kd5 46. Kg2 a3
47. Kg3 a2 48. Kg4 Ne6 49. Kf5 Kd6 50. Kg6 g4 0-1

[Event "XXV Weekend A"]
[Site "Robecchetto con Induno ITA"]
[Date "2014.12.27"]
[Round "2"]
[White "Saccani, Ettore"]
[Black "Raselli, Claudio"]
[WhiteElo "1690"]
[BlackElo "1836"]
[Result "0-1"]
[PlyCount "94"]
[EventDate "2014.12.26"]

1. e4 c5 2. c3 Nf6 3. d3 Nc6 4. Nf3 d6 5. h3 g6 6. Be3 Bg7 7. Nbd2 O-O 8. d4
cxd4 9. cxd4 d5 10. e5 Ne4 11. Bd3 Bf5 12. Qb3 Nxd2 13. Bxd2 Na5 14. Qa3 Bxd3
15. Qxd3 Nc4 16. Bc3 Rc8 17. O-O e6 18. Rac1 Qb6 19. Rc2 Rc6 20. Nd2 Nxd2 21.
Bxd2 Rfc8 22. Rxc6 Rxc6 23. b3 Qc7 24. Qb5 a6 25. Qa5 Qxa5 26. Bxa5 Rc2 27. a3
Bf8 28. b4 Bh6 29. Rb1 Rc1+ 30. Rxc1 Bxc1 31. a4 Bd2 32. Kf1 Bc3 33. Bb6 Bxb4
34. Ke2 Kf8 35. Kd3 Ke7 36. Kc2 Kd7 37. Kb3 Be7 38. Ba5 Kc6 39. f4 Bh4 40. Bd2
Bf2 41. Kc3 b5 42. axb5+ Kxb5 43. g4 a5 44. Bc1 Be1+ 45. Kb3 a4+ 46. Ka3 Bb4+
47. Kb2 Kc4 0-1

[Event "XXV Weekend A"]
[Site "Robecchetto con Induno ITA"]
[Date "2014.12.27"]
[Round "2"]
[White "Sala, Gianni"]
[Black "Caldi, Mario"]
[WhiteElo "1772"]
[BlackElo "1840"]
[Result "0-1"]
[PlyCount "102"]
[EventDate "2014.12.26"]

1. e4 e6 2. d4 d5 3. Nd2 Nf6 4. e5 Nfd7 5. Ngf3 c5 6. c3 Nc6 7. Bb5 Qb6 8. Bxc6
bxc6 9. dxc5 Bxc5 10. Qe2 Ba6 11. c4 dxc4 12. Nxc4 Bxc4 13. Qxc4 Bxf2+ 14. Kf1
O-O 15. g3 Be3 16. b3 Bxc1 17. Rxc1 Rac8 18. Kg2 Qc7 19. Rhe1 Nb6 20. Qe4 c5
21. h4 h6 22. Qg4 Rfd8 23. Re4 Rd5 24. Rf1 c4 25. bxc4 Nxc4 26. Qf4 Nb2 27. Kh3
Nd3 28. Qe3 Qc2 29. Rg4 Qc5 30. Qxh6 Qf8 31. Qe3 Rcc5 32. Rd4 Qb8 33. Re4 Nxe5
34. Rxe5 Rxe5 35. Nxe5 Rxe5 36. Qc3 Rd5 37. Rf4 Qb5 38. Qc8+ Kh7 39. Rxf7 Rf5
40. Rxf5 Qxf5+ 41. Kg2 Qd5+ 42. Kh3 Qxa2 43. Qe8 Qd5 44. Qa4 a5 45. Kh2 e5 46.
Qg4 e4 47. Qf4 a4 48. g4 a3 49. h5 a2 50. g5 a1=Q 51. g6+ Kh8 0-1

[Event "XXV Weekend A"]
[Site "Robecchetto con Induno ITA"]
[Date "2014.12.27"]
[Round "2"]
[White "Schingaro, Angelo"]
[Black "Zanin, Fabio"]
[WhiteElo "1736"]
[BlackElo "1651"]
[Result "0-1"]
[PlyCount "42"]
[EventDate "2014.12.26"]

1. e4 e5 2. Nf3 Nc6 3. d4 exd4 4. Nxd4 Nf6 5. Nxc6 bxc6 6. e5 Qe7 7. Qe2 Nd5 8.
c4 Ba6 9. b3 O-O-O 10. Bb2 Re8 11. g3 Qe6 12. Bg2 Bb4+ 13. Kd1 Nb6 14. Nd2 d5
15. a3 Bxd2 16. Qxd2 dxc4 17. Qa5 Rd8+ 18. Kc1 Bb7 19. b4 c3 20. Bxc3 Rd3 21.
Kb2 Nc4+ 0-1

[Event "XXV Weekend A"]
[Site "Robecchetto con Induno ITA"]
[Date "2014.12.27"]
[Round "3"]
[White "Bianchi, Massimiliano"]
[Black "Recanatini, Italo"]
[WhiteElo "1693"]
[BlackElo "1808"]
[Result "1-0"]
[PlyCount "65"]
[EventDate "2014.12.26"]

1. e4 d5 2. exd5 Qxd5 3. Nc3 Qa5 4. d4 c6 5. Nf3 Bg4 6. Bc4 e6 7. O-O Nf6 8. h3
Bxf3 9. Qxf3 Bd6 10. a3 O-O 11. Be3 a6 12. Bd3 Nbd7 13. b4 Qc7 14. g4 Nd5 15.
Nxd5 cxd5 16. Qg2 Bf4 17. Qf3 g5 18. Kg2 Qd6 19. Bxf4 gxf4 20. g5 f6 21. Qh5
Qe7 22. Kh1 Qf7 23. g6 Qg7 24. gxh7+ Kh8 25. Rg1 Qe7 26. Bg6 f5 27. Qf3 Nf6 28.
Qxf4 Ne4 29. Rg2 Rac8 30. f3 Qd6 31. Qh4 Nf6 32. Rag1 Qd8 33. Qh6 1-0

[Event "XXV Weekend A"]
[Site "Robecchetto con Induno ITA"]
[Date "2014.12.27"]
[Round "3"]
[White "Biancotti, Alessandro"]
[Black "Prete, Alessandro"]
[WhiteElo "1874"]
[BlackElo "1752"]
[Result "0-1"]
[PlyCount "88"]
[EventDate "2014.12.26"]

1. e4 b6 2. d4 Bb7 3. Nc3 e6 4. Nf3 Bb4 5. Bd3 Nf6 6. Qe2 d5 7. e5 Ne4 8. Bd2
Nxd2 9. Nxd2 c5 10. dxc5 bxc5 11. Bb5+ Nd7 12. Ncb1 a6 13. Ba4 O-O 14. c3 Ba5
15. O-O Qc7 16. f4 Bc6 17. Bc2 Rfb8 18. b3 Bb6 19. c4 a5 20. Nc3 Ba7 21. Kh1
Nb6 22. f5 d4 23. Nd1 Re8 24. f6 g6 25. Nf3 Bxf3 26. Rxf3 Bb8 27. Nc3 dxc3 28.
Qe3 Qxe5 29. Qh6 Qxh2+ 30. Qxh2 Bxh2 31. Kxh2 Rad8 32. Rh1 Rd2 33. Rc1 Nd7 34.
Be4 Ne5 35. Rf4 Nd3 36. Bxd3 Rxd3 37. Re4 Red8 38. Re5 Rc8 39. a3 Kf8 40. g4
Rd2+ 41. Kg3 c2 42. Re3 Rcd8 43. Kf4 R8d4+ 44. Kg5 Rh2 0-1

[Event "XXV Weekend A"]
[Site "Robecchetto con Induno ITA"]
[Date "2014.12.27"]
[Round "3"]
[White "Caldarola, Stefano"]
[Black "Ongaro, Andrea"]
[WhiteElo "1889"]
[BlackElo "1717"]
[Result "1/2-1/2"]
[PlyCount "31"]
[EventDate "2014.12.26"]

1. d4 Nf6 2. c4 c5 3. d5 b5 4. Qc2 bxc4 5. e4 g6 6. Bxc4 Ba6 7. Nf3 Bxc4 8.
Qxc4 d6 9. O-O Nbd7 10. h3 Bg7 11. Nc3 O-O 12. Rd1 Qb6 13. Rb1 Rfb8 14. Qe2 Ne8
15. Bf4 Nc7 16. e5 1/2-1/2

[Event "XXV Weekend A"]
[Site "Robecchetto con Induno ITA"]
[Date "2014.12.27"]
[Round "3"]
[White "Caldi, Mario"]
[Black "Botta, Massimiliano"]
[WhiteElo "1840"]
[BlackElo "1786"]
[Result "1-0"]
[PlyCount "51"]
[EventDate "2014.12.26"]

1. e4 c5 2. Nf3 d6 3. Bb5+ Bd7 4. Bxd7+ Qxd7 5. O-O Nc6 6. Re1 Nf6 7. d4 cxd4
8. Nxd4 g6 9. Nc3 Bg7 10. Be3 O-O 11. Qd2 Ne5 12. Rad1 Nc4 13. Qc1 Nxe3 14.
Qxe3 Ng4 15. Qh3 Rfd8 16. f4 h5 17. Qf3 Qc7 18. h3 Bxd4+ 19. Rxd4 Qc5 20. Red1
e5 21. b4 Qb6 22. Nd5 Qa6 23. R4d2 Nh6 24. fxe5 dxe5 25. Kh1 Kg7 26. Nc7 1-0

[Event "XXV Weekend A"]
[Site "Robecchetto con Induno ITA"]
[Date "2014.12.27"]
[Round "3"]
[White "Cerutti, Fabio Maria"]
[Black "Palminteri, Vincenzo"]
[WhiteElo "1659"]
[BlackElo "1776"]
[Result "1-0"]
[PlyCount "29"]
[EventDate "2014.12.26"]

1. e4 Nf6 2. e5 Nd5 3. d4 d6 4. c4 Nb6 5. exd6 cxd6 6. Be3 Nc6 7. Nc3 Bf5 8.
Nf3 e6 9. b3 Be7 10. Bd3 Bxd3 11. Qxd3 Bf6 12. O-O O-O 13. Ne4 Be7 14. Nfg5 h6
15. Nf6+ 1-0

[Event "XXV Weekend A"]
[Site "Robecchetto con Induno ITA"]
[Date "2014.12.27"]
[Round "3"]
[White "Conta, Diego"]
[Black "Schingaro, Angelo"]
[WhiteElo "1654"]
[BlackElo "1736"]
[Result "0-1"]
[PlyCount "88"]
[EventDate "2014.12.26"]

1. e4 c5 2. Nf3 d6 3. d4 cxd4 4. Nxd4 Nf6 5. Nc3 a6 6. Be2 e5 7. Nf3 Be7 8. O-O
O-O 9. h3 b5 10. a3 Bb7 11. Bd3 Nbd7 12. Nd5 Nxd5 13. exd5 Nf6 14. Ng5 h6 15.
Ne4 Bxd5 16. Nxf6+ Bxf6 17. Bh7+ Kxh7 18. Qxd5 Qc7 19. c3 Qc5 20. Qe4+ Kg8 21.
Qg4 Kh8 22. Be3 Qc4 23. Qf3 Qe6 24. Rad1 Rad8 25. Rd2 d5 26. Bc5 Rfe8 27. Rfd1
e4 28. Qh5 Kh7 29. Be3 Be5 30. f4 exf3 31. Qxf3 Bxc3 32. bxc3 Qxe3+ 33. Qxe3
Rxe3 34. Rxd5 Rxd5 35. Rxd5 Rxc3 36. a4 b4 37. Rd4 b3 38. Rb4 Kg6 39. Kh2 Kf5
40. h4 Ke5 41. a5 Kd5 42. Rb6 Kc4 43. Rxa6 b2 44. Rb6 Rb3 0-1

[Event "XXV Weekend A"]
[Site "Robecchetto con Induno ITA"]
[Date "2014.12.27"]
[Round "3"]
[White "D'Aulisa, Francesco"]
[Black "Barrera, Pietro"]
[WhiteElo "1767"]
[BlackElo "1879"]
[Result "1-0"]
[PlyCount "81"]
[EventDate "2014.12.26"]

1. e4 c5 2. f4 g6 3. Nf3 Bg7 4. c3 Nf6 5. d3 d6 6. h3 Nc6 7. Be3 Bd7 8. Na3 a6
9. Nc2 Qc7 10. Be2 Rd8 11. Qc1 Nh5 12. Bf2 Bh6 13. Ng5 Bxg5 14. fxg5 Ng7 15.
Qe3 Ne6 16. Bg3 Qa5 17. O-O O-O 18. a3 Qa4 19. Bd1 Qb5 20. b4 cxb4 21. axb4
Qxg5 22. Qf2 Rde8 23. d4 Ng7 24. Bf4 Qb5 25. Be2 Qb6 26. Bc4 Nd8 27. Bh6 Qc7
28. Ne3 Be6 29. d5 Bc8 30. Rac1 b5 31. Bd3 f6 32. c4 Qb8 33. c5 dxc5 34. Rxc5
Nf7 35. Bf4 Ne5 36. Be2 Bd7 37. Bh6 Qb6 38. Bxg7 Kxg7 39. Kh1 a5 40. bxa5 Qxc5
41. Nf5+ 1-0

[Event "XXV Weekend A"]
[Site "Robecchetto con Induno ITA"]
[Date "2014.12.27"]
[Round "3"]
[White "Macchiettini, Pierangelo"]
[Black "Maffeo, Mauro"]
[WhiteElo "1710"]
[BlackElo "1644"]
[Result "0-1"]
[PlyCount "38"]
[EventDate "2014.12.26"]

1. d4 e6 2. c4 f5 3. Nc3 Nf6 4. Nf3 c6 5. e3 d5 6. a3 Bd6 7. Be2 Nbd7 8. O-O
O-O 9. Bd2 Ne4 10. Qc2 Qf6 11. c5 Bc7 12. b4 Qh6 13. h3 g5 14. Ne5 Nxe5 15.
dxe5 Bxe5 16. Rad1 g4 17. f4 Bxc3 18. Bxc3 gxh3 19. Bf3 h2+ 0-1

[Event "XXV Weekend A"]
[Site "Robecchetto con Induno ITA"]
[Date "2014.12.27"]
[Round "3"]
[White "Mantovan, Giuseppe"]
[Black "Torretta, Gilberto"]
[WhiteElo "1804"]
[BlackElo "1667"]
[Result "1-0"]
[PlyCount "89"]
[EventDate "2014.12.26"]

1. d4 Nf6 2. c4 g6 3. Nc3 Bg7 4. e4 d6 5. f4 O-O 6. Nf3 e5 7. fxe5 dxe5 8. d5
Bg4 9. Be2 Nfd7 10. O-O Na6 11. a3 b6 12. b4 Rc8 13. Qa4 Nab8 14. Be3 Nf6 15.
Rad1 Bd7 16. Qc2 Ng4 17. Bc1 f5 18. h3 Nf6 19. Bg5 h6 20. Bc1 Nh5 21. Bd3 f4
22. c5 c6 23. dxc6 Nxc6 24. Ba6 Rb8 25. Nb5 bxc5 26. Qxc5 Qb6 27. Qxb6 Rxb6 28.
Nc7 Nd4 29. Nxd4 exd4 30. Bd3 Rc8 31. Nd5 Re6 32. Nxf4 Nxf4 33. Bxf4 Rc3 34.
Rf3 Rec6 35. Bb5 Rxf3 36. gxf3 Rf6 37. Bxd7 Rxf4 38. Rd3 Be5 39. a4 Rf6 40. b5
a6 41. Bc6 axb5 42. Bxb5 Bf4 43. Kg2 Be3 44. Bc4+ Kf8 45. Rb3 {phone default}
1-0

[Event "XXV Weekend A"]
[Site "Robecchetto con Induno ITA"]
[Date "2014.12.27"]
[Round "3"]
[White "Mossolani, Marcello"]
[Black "Burani, Eugenio"]
[WhiteElo "1750"]
[BlackElo "1837"]
[Result "1/2-1/2"]
[PlyCount "63"]
[EventDate "2014.12.26"]

1. e4 c5 2. g3 Nc6 3. Bg2 Nf6 4. Ne2 g6 5. O-O Bg7 6. Nbc3 O-O 7. d3 d6 8. h3
Bd7 9. g4 a6 10. f4 Rb8 11. Ng3 b5 12. g5 Ne8 13. Nce2 Qb6 14. Kh1 Nd4 15. c3
Nxe2 16. Qxe2 b4 17. c4 Qd8 18. Be3 Qc8 19. Kh2 a5 20. Rf2 f6 21. Raf1 Bc6 22.
f5 fxg5 23. fxg6 hxg6 24. Rxf8+ Bxf8 25. Bxg5 Qe6 26. h4 Bd7 27. Qf2 Bg7 28. e5
Nc7 29. exd6 exd6 30. Re1 Be5 31. Rf1 Bg7 32. Re1 1/2-1/2

[Event "XXV Weekend A"]
[Site "Robecchetto con Induno ITA"]
[Date "2014.12.27"]
[Round "3"]
[White "Paniga, Danilo"]
[Black "Bergero, Simone"]
[WhiteElo "1858"]
[BlackElo "1745"]
[Result "0-1"]
[PlyCount "94"]
[EventDate "2014.12.26"]

1. d4 d6 2. Nf3 f5 3. b3 Nf6 4. Bb2 g6 5. c4 Bg7 6. g3 O-O 7. Bg2 Nbd7 8. O-O
e5 9. dxe5 dxe5 10. Nxe5 Ng4 11. Nd3 Bxb2 12. Nxb2 Qf6 13. Qc2 f4 14. Bd5+ Kg7
15. Qc3 Nde5 16. h3 fxg3 17. hxg4 gxf2+ 18. Kg2 Nxg4 19. Qxf6+ Rxf6 20. Nd1 c6
21. Bf3 h5 22. Nbc3 Kh6 23. Bxg4 Bxg4 24. Nxf2 Bf5 25. e4 Be6 26. Nd3 Raf8 27.
Rxf6 Rxf6 28. Nc5 Bg4 29. Nxb7 Bf3+ 30. Kg3 g5 31. Nc5 h4+ 32. Kh2 g4 33. Nd3
g3+ 34. Kh3 Kg5 35. e5 Bg4+ 36. Kg2 h3+ 37. Kxg3 Rf3+ 38. Kh2 Rxd3 39. Ne4+ Kf4
40. Re1 Bf5 41. Ng3 Rd2+ 42. Re2 Rxe2+ 43. Nxe2+ Kxe5 44. b4 Bg4 45. Ng1 Kd4
46. Nxh3 Bxh3 47. Kxh3 Kxc4 0-1

[Event "XXV Weekend A"]
[Site "Robecchetto con Induno ITA"]
[Date "2014.12.27"]
[Round "3"]
[White "Pedoni, Lorenzo"]
[Black "Longo, Giovanni"]
[WhiteElo "1827"]
[BlackElo "1662"]
[Result "1-0"]
[PlyCount "35"]
[EventDate "2014.12.26"]

1. c4 Nf6 2. g3 e6 3. Bg2 d5 4. Nf3 c6 5. b3 Bd6 6. Bb2 O-O 7. O-O Nbd7 8. d4
Re8 9. Nbd2 e5 10. cxd5 Nxd5 11. Nc4 Bc7 12. Nfxe5 Qe7 13. Nxd7 Bxd7 14. e4 Nf6
15. Re1 Rad8 16. Qc2 h5 17. f4 h4 18. Ba3 1-0

[Event "XXV Weekend A"]
[Site "Robecchetto con Induno ITA"]
[Date "2014.12.27"]
[Round "3"]
[White "Primerano, Carlo"]
[Black "Turchi, Alessandro"]
[WhiteElo "1719"]
[BlackElo "1642"]
[Result "1-0"]
[PlyCount "87"]
[EventDate "2014.12.26"]

1. d4 Nf6 2. c4 e6 3. Nc3 Bb4 4. Qc2 d5 5. e3 O-O 6. Nge2 c5 7. a3 Bxc3+ 8.
bxc3 b6 9. Ng3 Bb7 10. f3 Nbd7 11. cxd5 Nxd5 12. e4 N5f6 13. Bd3 cxd4 14. cxd4
Rc8 15. Qd2 Nb8 16. Bb2 Nc6 17. Ne2 Qd7 18. O-O Na5 19. Qb4 Rc7 20. Rac1 Nc6
21. Qb3 Rfc8 22. Qa2 Ne8 23. Rfd1 Nd6 24. Ng3 Na5 25. Rxc7 Rxc7 26. Rc1 Rxc1+
27. Bxc1 Qa4 28. Be3 Qd1+ 29. Bf1 Ndc4 30. Kf2 Nxe3 31. Kxe3 Nb3 32. Qb2 Na5
33. Qc3 Qa4 34. Qc7 Qxa3+ 35. Kf4 g6 36. Qb8+ Kg7 37. Qxa7 Qc1+ 38. Kg4 g5 39.
Qb8 Nc6 40. Qd6 Kg6 41. d5 f6 42. dxc6 e5 43. Nh5 Qxf1 44. Qxf6# 1-0

[Event "XXV Weekend A"]
[Site "Robecchetto con Induno ITA"]
[Date "2014.12.27"]
[Round "3"]
[White "Puricelli, Giancarlo"]
[Black "Moroni, Luca"]
[WhiteElo "1698"]
[BlackElo "1868"]
[Result "0-1"]
[PlyCount "88"]
[EventDate "2014.12.26"]

1. d4 c5 2. d5 d6 3. c4 Nf6 4. g3 g6 5. e3 Bg7 6. Bg2 O-O 7. Ne2 Na6 8. Nbc3
Nc7 9. O-O a6 10. a4 Bd7 11. a5 Qc8 12. Na4 Qd8 13. Nb6 Rb8 14. Nf4 Na8 15. Bd2
Nxb6 16. axb6 Bf5 17. Ba5 Be4 18. f3 Bf5 19. g4 Bc8 20. Rb1 Nd7 21. Qc2 Ne5 22.
Nd3 Nxd3 23. Qxd3 f5 24. g5 f4 25. e4 Bd4+ 26. Kh1 e5 27. b4 Qxg5 28. bxc5 dxc5
29. Bc3 Qf6 30. Bxd4 exd4 31. Rfe1 Re8 32. Re2 Bd7 33. Qa3 Qd6 34. Rg1 Re5 35.
Bf1 Rf8 36. Reg2 Rf6 37. Rb2 Rh5 38. Qd3 h6 39. Rgg2 g5 40. Rge2 g4 41. e5 Rxe5
42. Re4 Rxe4 43. fxe4 f3 44. Qd2 Qe5 0-1

[Event "XXV Weekend A"]
[Site "Robecchetto con Induno ITA"]
[Date "2014.12.27"]
[Round "3"]
[White "Raselli, Claudio"]
[Black "Zito, Riccardo"]
[WhiteElo "1836"]
[BlackElo "1743"]
[Result "0-1"]
[PlyCount "56"]
[EventDate "2014.12.26"]

1. c4 Nf6 2. g3 c6 3. Bg2 d5 4. cxd5 cxd5 5. Nf3 Nc6 6. O-O e5 7. d3 Be7 8.
Nbd2 Be6 9. b3 O-O 10. Bb2 Nd7 11. Rc1 Rc8 12. a3 a6 13. b4 Qe8 14. Nb3 f5 15.
d4 e4 16. Ne5 f4 17. Nxc6 bxc6 18. Nc5 Bg4 19. f3 Nxc5 20. bxc5 exf3 21. Bxf3
Bh3 22. Bg2 Bxg2 23. Kxg2 Bg5 24. Rc3 Qe4+ 25. Kg1 fxg3 26. hxg3 Be3+ 27. Kh2
Rxf1 28. Qxf1 Rf8 0-1

[Event "XXV Weekend A"]
[Site "Robecchetto con Induno ITA"]
[Date "2014.12.27"]
[Round "3"]
[White "Rossi, Emanuele"]
[Black "Cervini, Gian Piero"]
[WhiteElo "1635"]
[BlackElo "1782"]
[Result "1-0"]
[PlyCount "49"]
[EventDate "2014.12.26"]

1. e4 g6 2. d4 Bg7 3. Nf3 d6 4. Be3 Nf6 5. Bd3 O-O 6. h3 c5 7. c3 cxd4 8. cxd4
Nc6 9. Nc3 e5 10. d5 Ne7 11. O-O Nh5 12. Rc1 a6 13. Na4 f5 14. Bb6 Qe8 15. Bc7
Rf6 16. Nb6 Nf4 17. Nxa8 fxe4 18. Bxe4 Bxh3 19. Nb6 Bxg2 20. Re1 Qf7 21. Ng5
Nh3+ 22. Nxh3 Bxh3 23. f3 Rf4 24. Bxd6 Nf5 25. Rc8+ 1-0

[Event "XXV Weekend A"]
[Site "Robecchetto con Induno ITA"]
[Date "2014.12.27"]
[Round "3"]
[White "Saccani, Ettore"]
[Black "Buzio, Alberto"]
[WhiteElo "1690"]
[BlackElo "1835"]
[Result "1-0"]
[PlyCount "75"]
[EventDate "2014.12.26"]

1. e4 c5 2. Nf3 a6 3. c3 Nf6 4. Bd3 d6 5. h3 g6 6. Bc2 Bg7 7. d4 Nfd7 8. O-O
O-O 9. Be3 Nc6 10. Qd2 Qc7 11. Bh6 e5 12. Bxg7 Kxg7 13. Bb3 Ne7 14. Ng5 c4 15.
Bc2 h6 16. Nf3 b5 17. Qe2 Bb7 18. Nbd2 Nf6 19. d5 Bc8 20. a4 Bd7 21. Rfd1 Nh5
22. Nf1 Nf4 23. Qe3 bxa4 24. Nxe5 g5 25. Nxd7 Qxd7 26. Bxa4 Qc7 27. Ng3 Nfg6
28. Nh5+ Kh7 29. Qd4 Ne5 30. Nf6+ Kg7 31. Nd7 f6 32. Nxf8 Rxf8 33. Rdb1 N7g6
34. Bd1 Nf4 35. Rxa6 Kg6 36. Rba1 Rb8 37. R1a2 Qc8 38. Rxd6 1-0

[Event "XXV Weekend A"]
[Site "Robecchetto con Induno ITA"]
[Date "2014.12.27"]
[Round "3"]
[White "Zanin, Fabio"]
[Black "Sala, Gianni"]
[WhiteElo "1651"]
[BlackElo "1772"]
[Result "1/2-1/2"]
[PlyCount "43"]
[EventDate "2014.12.26"]

1. e4 e5 2. Nf3 Nc6 3. d4 exd4 4. Nxd4 Nf6 5. Nxc6 bxc6 6. e5 Nd5 7. c4 Nb6 8.
Nc3 Ba6 9. b3 Bb4 10. Bb2 Qg5 11. Qd4 Bb7 12. f4 Qh4+ 13. Qf2 Qe7 14. O-O-O
O-O-O 15. g3 Bc5 16. Qe2 d5 17. Qg4+ Kb8 18. cxd5 cxd5 19. Bg2 Rhg8 20. Ne2 g6
21. Rhe1 Bf2 22. Rf1 1/2-1/2

[Event "XXV Weekend A"]
[Site "Robecchetto con Induno ITA"]
[Date "2014.12.28"]
[Round "4"]
[White "Barrera, Pietro"]
[Black "Schingaro, Angelo"]
[WhiteElo "1879"]
[BlackElo "1736"]
[Result "1-0"]
[PlyCount "47"]
[EventDate "2014.12.26"]

1. e4 c5 2. Nc3 Nc6 3. Bb5 g6 4. f4 Bg7 5. Nf3 d6 6. Bxc6+ bxc6 7. O-O e6 8. d3
Ne7 9. Qe1 O-O 10. Qh4 f6 11. g4 f5 12. g5 Rb8 13. Qe1 Qa5 14. Kg2 Bd7 15. e5
d5 16. Nxd5 Qxe1 17. Nxe7+ Kf7 18. Rxe1 Kxe7 19. b3 Rb5 20. a4 Ra5 21. Bd2 Ra6
22. d4 Rb8 23. dxc5 Bf8 24. h3 1-0

[Event "XXV Weekend A"]
[Site "Robecchetto con Induno ITA"]
[Date "2014.12.28"]
[Round "4"]
[White "Bianchi, Massimiliano"]
[Black "Pedoni, Lorenzo"]
[WhiteElo "1693"]
[BlackElo "1827"]
[Result "0-1"]
[PlyCount "85"]
[EventDate "2014.12.26"]

1. e4 c5 2. Nf3 Nc6 3. c3 Nf6 4. d3 d6 5. Be2 g6 6. Nbd2 Bg7 7. a4 O-O 8. O-O
Qc7 9. Nc4 d5 10. exd5 Nxd5 11. g3 e5 12. Ne3 Nde7 13. Ng5 Qb6 14. Nc4 Qc7 15.
Qb3 Na5 16. Nxa5 Qxa5 17. Be3 Qc7 18. f4 h6 19. Nf3 Be6 20. Qc2 Nd5 21. Bf2
exf4 22. d4 cxd4 23. gxf4 Nxf4 24. Bxd4 Nxe2+ 25. Qxe2 Bxd4+ 26. Nxd4 Bc4 27.
Qf2 Bxf1 28. Rxf1 Rae8 29. Nb5 Qb6 30. Qxb6 axb6 31. Nd6 Re7 32. Rf4 Rd8 33.
Nc4 Re2 34. Rf2 Rd1+ 35. Kg2 Rxf2+ 36. Kxf2 Ra1 37. Nxb6 Ra2 38. Nc4 Rxa4 39.
b3 Ra2+ 40. Kg3 Rc2 41. Kf4 Rxc3 42. Na5 b6 43. h4 0-1

[Event "XXV Weekend A"]
[Site "Robecchetto con Induno ITA"]
[Date "2014.12.28"]
[Round "4"]
[White "Botta, Massimiliano"]
[Black "Saccani, Ettore"]
[WhiteElo "1786"]
[BlackElo "1690"]
[Result "1/2-1/2"]
[PlyCount "68"]
[EventDate "2014.12.26"]

1. e4 e6 2. d4 d5 3. exd5 exd5 4. Bd3 Nf6 5. Nf3 Bd6 6. O-O O-O 7. Bg5 Be6 8.
Nbd2 Nbd7 9. Re1 c6 10. c3 Qc7 11. Qe2 h6 12. Bh4 Rfe8 13. Bg3 Bxg3 14. hxg3 c5
15. dxc5 Nxc5 16. Nd4 Nxd3 17. Qxd3 Rad8 18. Rad1 Bg4 19. N2f3 Ne4 20. Ne2 Qc5
21. Nfd4 Bf5 22. Qb5 Be6 23. f3 Qxb5 24. Nxb5 Nf6 25. Rd2 a6 26. Nbd4 Re7 27.
Kf2 Bd7 28. Red1 Rde8 29. Nf4 g5 30. Nd3 Ne4+ 31. fxe4 dxe4 32. Re2 exd3 33.
Rxe7 Rxe7 34. Rxd3 f6 1/2-1/2

[Event "XXV Weekend A"]
[Site "Robecchetto con Induno ITA"]
[Date "2014.12.28"]
[Round "4"]
[White "Burani, Eugenio"]
[Black "Caldi, Mario"]
[WhiteElo "1837"]
[BlackElo "1840"]
[Result "1-0"]
[PlyCount "103"]
[EventDate "2014.12.26"]

1. e4 e6 2. d4 d5 3. e5 c5 4. c3 Nc6 5. Nf3 Qb6 6. a3 Bd7 7. b4 cxd4 8. cxd4
Rc8 9. Be2 Nge7 10. O-O Nf5 11. Bb2 Be7 12. g4 Nh4 13. Nbd2 Ng6 14. Bd3 O-O 15.
Nb3 Nf4 16. Bc2 f6 17. exf6 Bxf6 18. Nc5 Rf7 19. g5 Nh3+ 20. Kh1 Bxg5 21. Nxg5
Nxg5 22. Qg4 Qd8 23. Nxd7 Rxd7 24. f4 Ne5 25. Bxh7+ Nxh7 26. fxe5 Qe7 27. Bc1
Rdc7 28. Rg1 Kh8 29. Bg5 Nxg5 30. Qxg5 Qxg5 31. Rxg5 Rc1+ 32. Rxc1 Rxc1+ 33.
Kg2 Kg8 34. Rg3 Rd1 35. Rc3 Rxd4 36. Rc7 Re4 37. Rxb7 Rxe5 38. Rxa7 d4 39. Rd7
Re4 40. b5 Re2+ 41. Kg1 Rb2 42. a4 e5 43. Rd5 Rb4 44. a5 e4 45. a6 e3 46. Rd8+
Kf7 47. a7 Rb1+ 48. Kg2 e2 49. a8=Q e1=Q 50. Qd5+ Kf6 51. Rf8+ Kg6 52. Qf5+ 1-0

[Event "XXV Weekend A"]
[Site "Robecchetto con Induno ITA"]
[Date "2014.12.28"]
[Round "4"]
[White "Buzio, Alberto"]
[Black "Longo, Giovanni"]
[WhiteElo "1835"]
[BlackElo "1662"]
[Result "1-0"]
[PlyCount "65"]
[EventDate "2014.12.26"]

1. e4 c6 2. d4 d5 3. e5 Bf5 4. g4 Bd7 5. Bd3 e6 6. Ne2 c5 7. c3 cxd4 8. cxd4
Nc6 9. Nbc3 Bb4 10. Bd2 a6 11. a3 Ba5 12. b4 Bb6 13. Be3 Nge7 14. h4 Ng6 15. g5
Ngxe5 16. dxe5 Bxe3 17. fxe3 Qb6 18. Qd2 Nxe5 19. O-O h6 20. g6 fxg6 21. Nf4
O-O-O 22. Bxg6 Ng4 23. Qd4 Qxd4 24. exd4 Rhf8 25. Nd3 Rf6 26. Rxf6 gxf6 27. h5
Be8 28. Re1 Bxg6 29. hxg6 Kd7 30. Nc5+ Kc8 31. Rxe6 Rg8 32. Nxd5 Rxg6 33. Ne7+
1-0

[Event "XXV Weekend A"]
[Site "Robecchetto con Induno ITA"]
[Date "2014.12.28"]
[Round "4"]
[White "Cervini, Gian Piero"]
[Black "Caldarola, Stefano"]
[WhiteElo "1782"]
[BlackElo "1889"]
[Result "0-1"]
[PlyCount "40"]
[EventDate "2014.12.26"]

1. e4 d5 2. e5 c5 3. c3 Nc6 4. d4 e6 5. Nf3 Bd7 6. Be3 Qc7 7. Bd3 Nge7 8. O-O
Ng6 9. Nbd2 Be7 10. Rc1 c4 11. Bb1 b5 12. Bg5 f6 13. exf6 gxf6 14. Nh4 fxg5 15.
Nxg6 hxg6 16. Bxg6+ Kd8 17. g3 Kc8 18. Bh5 Qd8 19. Bf3 Qf8 20. a4 Qh6 0-1